000 00257nam a2200109 4500
001 3564
090 _a3564
100 _a20190723b u||y0fre||u0ba y50
200 _aQuel Noël ?
_bPériodique
_eActions Noël
210 _aNeuchatel
801 _aCH
_bCH-002049-8
955 _r1973: décembre